000 00975nam a22002537a 4500
005 20170124103012.0
010 _aA-805647
020 _c130.00
035 _aA-805647
037 _bCen Lib/Ret
040 _aDPL
_bHN
082 _a
_bओमप्र
100 _aओम प्रकाश
_957762
245 _aअपूर्ण संवाद /
_cओम प्रकाश
246 _aApoorn sanvad /
_bby Om Prakash
260 _aअजमेर
_bमीनाक्षी प्रकाशन
_c1996
270 _bअजमेर
_aमेहरा बिल्डिंग, जयपुर रोड
300 _a195पृ.
_c21मी(सजिल्द)
650 _aहिन्दी साहित्य
_957763
650 _aहिन्दी साहित्य -- उपन्यास
_946379
650 _aHindi literature
_957764
650 _aHindi literature -- Fiction
_957765
942 _2ddc
_cHN
_h
_mओमप्र
999 _c114663
_d114663